| Tag |
First Indicator |
Second Indicator |
Subfields |
| LEADER |
00000cam a22000008a 4500 |
| 001 |
in00000020644 |
| 005 |
20151007054005.0 |
| 008 |
870825m19889999nyua bd 00000 eng |
| 010 |
|
|
|a 87025222
|
| 020 |
|
|
|a 0471807478 (v. 1)
|
| 020 |
|
|
|a 0471807478 (set)
|
| 035 |
|
|
|a (OCoLC)16683780
|
| 035 |
|
|
|9 AAB3570AM
|
| 040 |
|
|
|a DLC
|c DLC
|d TXA
|d UtOrBLW
|
| 049 |
|
|
|a TXAM [Also in] [Ref]
|c 1
|v 1 [A13009638]
|a TXAF
|v 1 [A11109424]
|v 2 [A11184961]
|v 3 [A11708634]
|v 4 [A12440865]
|v 5 [A12998737]
|
| 050 |
0 |
0 |
|a NA31
|b .E59 1988
|
| 082 |
0 |
|
|a 720/.3
|2 19
|
| 245 |
0 |
0 |
|a Encyclopedia of architecture :
|b design, engineering & construction /
|c Joseph A. Wilkes, editor-in-chief, Robert T. Packard, associate editor.
|
| 263 |
|
|
|a 8802
|
| 264 |
|
1 |
|a New York :
|b Wiley,
|c [1988-]
|
| 264 |
|
4 |
|c ©1988-
|
| 300 |
|
|
|a volumes :
|b illustrations
|
| 336 |
|
|
|a text
|b txt
|2 rdacontent
|
| 337 |
|
|
|a unmediated
|b n
|2 rdamedia
|
| 338 |
|
|
|a volume
|b nc
|2 rdacarrier
|
| 500 |
|
|
|a "A Wiley-Interscience publication."
|
| 504 |
|
|
|a Includes bibliographies.
|
| 650 |
|
0 |
|a Architecture
|v Dictionaries.
|
| 700 |
1 |
|
|a Wilkes, Joseph A.
|
| 700 |
1 |
|
|a Packard, Robert T.
|
| 999 |
|
|
|a MARS
|
| 999 |
f |
f |
|s e28f1ce0-4e2d-305d-9b8a-1c4bb4c91d7a
|i 050ca862-99d5-36a1-a6b8-74145a29b464
|t 0
|
| 952 |
f |
f |
|p ric
|a Texas A&M University
|b Rellis Campus
|c Joint Library Facility
|s JLF
|d Remote Storage
|t 0
|e NA31 .E59 1988
|h Library of Congress classification
|i unmediated -- volume
|k v.3
|m A14811708634
|
| 952 |
f |
f |
|p ric
|a Texas A&M University
|b Rellis Campus
|c Joint Library Facility
|s JLF
|d Remote Storage
|t 0
|e NA31 .E59 1988
|h Library of Congress classification
|i unmediated -- volume
|k v.2
|m A14811184961
|
| 952 |
f |
f |
|p ric
|a Texas A&M University
|b Rellis Campus
|c Joint Library Facility
|s JLF
|d Remote Storage
|t 0
|e NA31 .E59 1988
|h Library of Congress classification
|i unmediated -- volume
|k v.5
|m A14812998737
|
| 952 |
f |
f |
|p ric
|a Texas A&M University
|b Rellis Campus
|c Joint Library Facility
|s JLF
|d Remote Storage
|t 0
|e NA31 .E59 1988
|h Library of Congress classification
|i unmediated -- volume
|k v.1
|m A14813009638
|
| 952 |
f |
f |
|p ric
|a Texas A&M University
|b Rellis Campus
|c Joint Library Facility
|s JLF
|d Remote Storage
|t 0
|e NA31 .E59 1988
|h Library of Congress classification
|i unmediated -- volume
|k v.4
|m A14812440865
|
| 998 |
f |
f |
|a NA31 .E59 1988
|s v.1-v.5
|t 0
|l Remote Storage
|